Central Library OPAC University of Rajshahi

মুজফফর আহমেদ স্মৃতি / (Record no. 71264)

MARC details
000 -LEADER
fixed length control field 00936nam a22002537a 4500
001 - CONTROL NUMBER
control field 71264
003 - CONTROL NUMBER IDENTIFIER
rucl marc code BD-RjUL
005 - DATE AND TIME OF LATEST TRANSACTION
control field 20211209082108.0
008 - FIXED-LENGTH DATA ELEMENTS--GENERAL INFORMATION
fixed length control field 170430s1988 ii ||||| |||| 00| 0 ben d
020 ## - INTERNATIONAL STANDARD BOOK NUMBER
Terms of availability Rs. : 18.00
035 ## - SYSTEM CONTROL NUMBER
System control number (BD-RjUL)71479
040 ## - CATALOGING SOURCE
Original cataloging agency BD-RjUL
Language of cataloging ben
Transcribing agency BD-RjUL
041 ## - LANGUAGE CODE
Language code of text/sound track or separate title ben
082 ## - DEWEY DECIMAL CLASSIFICATION NUMBER
Edition number 23
Classification number 324.092
Author mark and year CHM 1988
100 1# - MAIN ENTRY--PERSONAL NAME
Personal name চট্টোপাধ্যায়, শচীনন্দন
9 (RLIN) 210843
245 10 - TITLE STATEMENT
Title মুজফফর আহমেদ স্মৃতি /
Statement of responsibility, etc. শচীনন্দন চট্টোপাধ্যায়.
260 ## - PUBLICATION, DISTRIBUTION, ETC. (IMPRINT)
Place of publication, distribution, etc. কলিকাতা :
Name of publisher, distributor, etc. সাহিত্যলোক,
Date of publication, distribution, etc. ১৯৮৮.
300 ## - PHYSICAL DESCRIPTION
Pagination ১৩৯ পৃ. ;
Size ১৮ সেমি.
600 ## - SUBJECT ADDED ENTRY--PERSONAL NAME
Personal name আহমেদ, মুজফফর
General subdivision জীবনী
Personal name Ahmed, Mujaffar
General subdivision Biography
650 ## - SUBJECT ADDED ENTRY--TOPICAL TERM
Topical term or geographic name as entry element Political parties
9 (RLIN) 210844
Topical term or geographic name as entry element Biography
9 (RLIN) 210845
942 ## - ADDED ENTRY ELEMENTS (KOHA)
Source of classification or shelving scheme Dewey Decimal Classification
Koha item type Books
Holdings
Lost status Source of classification or shelving scheme Damaged status Not for loan Collection code Permanent Location Current Location Shelving location Date acquired Source of acquisition Cost, normal purchase price Total Checkouts Full call number Date last seen Copy number Koha item type
  Dewey Decimal Classification   Not For Loan Non-fiction Central Library, University of Rajshahi Central Library, University of Rajshahi Reading Room 21/11/2005 Dhaka, Paragon Enterprises Ltd. 18.00   B 324.092 CHM 1988 30/04/2017 C-1 Books